[Event "ESP-ch 88th"]
[Site "Marbella"]
[Date "2023.10.16"]
[Round "4"]
[White "Prado Lobo, Jonas"]
[Black "Suarez Gomez, Julio"]
[Result "0-1"]
[WhiteElo "2408"]
[BlackElo "2449"]
[PlyCount "72"]
[EventDate "2023.10.13"]
[EventType "swiss"]
[EventRounds "9"]
[EventCountry "ESP"]
[SourceTitle "Mega2024 Update 01"]
[Source "Chessbase"]
[SourceDate "2023.11.12"]
[SourceVersion "1"]
[SourceVersionDate "2023.11.12"]
[SourceQuality "1"]

1. e4 c5 2. c3 Nf6 3. e5 Nd5 4. d4 cxd4 5. Nf3 d6 6. Bc4 dxe5 7. Nxe5 e6 8. Qxd4 Qb6 9. Qxb6 Nxb6 10. Bb5+ N8d7 11. Be3 Nd5 12. Bd2 Bd6 13. Nxd7 Bxd7 14. Bxd7+ Kxd7 15. c4 Nb4 16. Bxb4 Bxb4+ 17. Ke2 Rhd8 18. Nd2 Rac8 19. Rhd1 Ke7 20. b3 f5 21. Nf1 g5 22. Rxd8 Rxd8 23. Rd1 Rxd1 24. Kxd1 Kd6 25. Ke2 Ke5 26. Kd3 Bc5 27. Ne3 Kf4 28. Ke2 Bxe3 29. fxe3+ Ke4 30. b4 f4 31. exf4 gxf4 32. c5 Kd4 33. h4 e5 34. h5 e4 35. h6 Kc4 36. a3 a6 0-1

[Event "ESP-chT CECLUB Div1"]
[Site "Linares"]
[Date "2023.08.25"]
[Round "6.1"]
[White "Cuartas, Jaime Alexander"]
[Black "Suarez Gomez, Julio"]
[Result "1-0"]
[WhiteElo "2530"]
[BlackElo "2453"]
[PlyCount "175"]
[EventDate "2023.08.20"]
[EventType "team-tourn"]
[EventRounds "7"]
[EventCountry "ESP"]
[SourceTitle "CBM 215 Extra"]
[Source "ChessBase"]
[SourceDate "2023.09.30"]
[SourceVersion "1"]
[SourceVersionDate "2023.09.30"]
[SourceQuality "1"]
[WhiteTeam "Barbera"]
[BlackTeam "Sanxenxo Fontecarmoa"]
[WhiteTeamCountry "ESP"]
[BlackTeamCountry "ESP"]

1. e4 e6 2. d4 d5 3. Nc3 Bb4 4. e5 c5 5. a3 Bxc3+ 6. bxc3 Nc6 7. h4 Qa5 8. Bd2 Qa4 9. Nf3 c4 10. h5 h6 11. Nh4 Nge7 12. Qg4 Rg8 13. Qd1 Bd7 14. g3 0-0-0 15. Bh3 Kb8 16. 0-0 Rh8 17. Kh2 Rdf8 18. Qc1 Qa5 19. a4 Ka8 20. f4 g6 21. g4 gxh5 22. gxh5 f5 23. Bg2 Be8 24. Bf3 Qd8 25. Be1 Rhg8 26. Bf2 Rg4 27. Bxg4 fxg4 28. Bg3 Nf5 29. Nxf5 Rxf5 30. Kg2 Bxh5 31. Rh1 Qf8 32. Bh4 Bg6 33. Kg3 h5 34. Qa3 Rxf4 35. Qxf8+ Rxf8 36. Rhf1 Re8 37. Rf2 Be4 38. Bf6 a5 39. Raf1 Ka7 40. Kh4 Rg8 41. Kg3 Ka6 42. Rb1 Re8 43. Bh4 Bf3 44. Rb2 Rb8 45. Bg5 b5 46. axb5+ Rxb5 47. Rxb5 Kxb5 48. Rh2 Be4 49. Bc1 Ne7 50. Rxh5 Bxc2 51. Rh8 Bf5 52. Ba3 Nc6 53. Bc5 a4 54. Ra8 Na5 55. Rb8+ Kc6 56. Rb6+ Kc7 57. Ra6 Nb3 58. Bb4 Nc1 59. Rxa4 Ne2+ 60. Kf2 Bd3 61. Ra6 Kd7 62. Ra2 Nc1 63. Ra7+ Kc8 64. Ba3 Nb3 65. Ke3 Bf5 66. Rg7 Kd8 67. Ke2 Kc8 68. Kd1 Kd8 69. Bc1 Kc8 70. Bg5 Be4 71. Bh4 Bf5 72. Re7 Kb8 73. Rd7 Kc8 74. Rf7 Kb8 75. Bf2 Kc8 76. Be3 Kd8 77. Ke2 Na1 78. Kf2 Nc2 79. Bc1 Ke8 80. Ra7 Kd8 81. Ke2 Be4 82. Bf4 Kc8 83. Kd2 Kb8 84. Ra2 Kb7 85. Rxc2 Bxc2 86. Kxc2 Ka6 87. Kd2 Kb5 88. Bg5 1-0

[Event "ESP-chT CECLUB Div1"]
[Site "Linares"]
[Date "2023.08.22"]
[Round "3.1"]
[White "Mendonca, Leon Luke"]
[Black "Suarez Gomez, Julio"]
[Result "1-0"]
[WhiteElo "2628"]
[BlackElo "2453"]
[PlyCount "81"]
[EventDate "2023.08.20"]
[EventType "team-tourn"]
[EventRounds "7"]
[EventCountry "ESP"]
[SourceTitle "CBM 215 Extra"]
[Source "ChessBase"]
[SourceDate "2023.09.30"]
[SourceVersion "1"]
[SourceVersionDate "2023.09.30"]
[SourceQuality "1"]
[WhiteTeam "Sestao Hotel Naval"]
[BlackTeam "Sanxenxo Fontecarmoa"]
[WhiteTeamCountry "ESP"]
[BlackTeamCountry "ESP"]

1. d4 d5 2. Nf3 Nf6 3. c4 e6 4. Nc3 Nbd7 5. cxd5 exd5 6. Bg5 c6 7. Qc2 Be7 8. e3 h6 9. Bh4 0-0 10. Bd3 Ne8 11. Bg3 Ndf6 12. 0-0 Nd6 13. b4 Be6 14. Nd2 Qc8 15. Rfc1 Nf5 16. Rab1 Nxg3 17. hxg3 a5 18. b5 c5 19. dxc5 Qxc5 20. Nb3 Qd6 21. Nd4 Rfc8 22. Qd2 Qe5 23. Na4 Bb4 24. Qb2 Rxc1+ 25. Rxc1 Qd6 26. Nc2 Nd7 27. Rb1 Nc5 28. Nxc5 Bxc5 29. b6 a4 30. Nd4 a3 31. Qb3 g6 32. Nxe6 Qxe6 33. Be2 d4 34. Bc4 Qf6 35. e4 d3 36. Qxd3 Bxf2+ 37. Kh2 Bxb6 38. e5 Qc6 39. Rf1 Rf8 40. Rf6 Bg1+ 41. Kh1 1-0

[Event "ESP-ch Rapid"]
[Site "Linares"]
[Date "2023.08.19"]
[Round "2"]
[White "Gomez Dominguez, Xabier"]
[Black "Suarez Gomez, Julio"]
[Result "0-1"]
[WhiteElo "2159"]
[BlackElo "2453"]
[PlyCount "124"]
[EventDate "2023.08.19"]
[EventType "swiss (rapid)"]
[EventRounds "10"]
[EventCountry "ESP"]
[SourceTitle "CBM 215 Extra"]
[Source "ChessBase"]
[SourceDate "2023.09.30"]
[SourceVersion "1"]
[SourceVersionDate "2023.09.30"]
[SourceQuality "1"]

1. e4 e6 2. d4 d5 3. Bd3 dxe4 4. Bxe4 Nf6 5. Bf3 c5 6. Ne2 Be7 7. Nbc3 0-0 8. Be3 Qa5 9. 0-0 Rd8 10. Qc1 Nc6 11. dxc5 Ne5 12. Nd4 Qxc5 13. Rd1 Nxf3+ 14. Nxf3 Rxd1+ 15. Qxd1 Qc7 16. Qd4 Bd7 17. Bf4 Qc5 18. Rd1 Qxd4 19. Nxd4 Rc8 20. Bg5 h6 21. Bh4 Be8 22. h3 a6 23. a3 Bxa3 24. bxa3 Rxc3 25. Rd3 Rc4 26. Bxf6 gxf6 27. Rd2 Ba4 28. Nb3 Rc3 29. Rd8+ Kg7 30. Rb8 Bxb3 31. cxb3 Rxb3 32. a4 a5 33. Ra8 b6 34. Rb8 Rb4 35. g3 f5 36. Kg2 h5 37. h4 f4 38. gxf4 Rxf4 39. Kg3 Rg4+ 40. Kh3 Rb4 41. Kg3 Kf6 42. Rb7 Kg6 43. Kh3 f6 44. Kg3 e5 45. Kh3 Kf5 46. Kg3 Rb3+ 47. Kg2 Kg4 48. Rg7+ Kxh4 49. Rg6 f5 50. Kh2 Rb4 51. Kh1 Rxa4 52. Rxb6 Kg4 53. Kg2 e4 54. Rg6+ Kf4 55. Rh6 Ra2 56. Rxh5 e3 57. Rh4+ Kg5 58. Rh3 Rxf2+ 59. Kg1 f4 60. Rh8 Kg4 61. Rg8+ Kf3 62. Ra8 Ra2 0-1

[Event "ESP-ch Rapid"]
[Site "Linares"]
[Date "2023.08.19"]
[Round "1"]
[White "Suarez Gomez, Julio"]
[Black "Gutierrez Castillo, Paloma"]
[Result "1/2-1/2"]
[WhiteElo "2453"]
[BlackElo "1990"]
[PlyCount "89"]
[EventDate "2023.08.19"]
[EventType "swiss (rapid)"]
[EventRounds "10"]
[EventCountry "ESP"]
[SourceTitle "CBM 215 Extra"]
[Source "ChessBase"]
[SourceDate "2023.09.30"]
[SourceVersion "1"]
[SourceVersionDate "2023.09.30"]
[SourceQuality "1"]

1. e4 e5 2. Nf3 Nc6 3. Bb5 Nf6 4. d3 d6 5. c3 Bd7 6. Nbd2 g6 7. 0-0 Bg7 8. Re1 0-0 9. Nf1 Nh5 10. Ba4 h6 11. d4 exd4 12. cxd4 Bg4 13. Bxc6 bxc6 14. Be3 c5 15. dxc5 Bxb2 16. Rb1 Bg7 17. h3 Be6 18. Qc2 d5 19. Red1 c6 20. Nd4 Qh4 21. Nxe6 fxe6 22. exd5 exd5 23. Qxg6 Rf6 24. Qg4 Qxg4 25. hxg4 Nf4 26. Ng3 Rf7 27. Rb3 d4 28. Bxf4 Rxf4 29. f3 Bf8 30. Ne4 Re8 31. Kh2 Bg7 32. g3 Rff8 33. Kg2 Kh8 34. Rdb1 Rd8 35. g5 d3 36. Rd1 d2 37. Rxd2 Rxd2+ 38. Nxd2 hxg5 39. Ne4 Rd8 40. Kh3 Rd5 41. Rb8+ Kh7 42. Rb7 Kg6 43. Rxa7 Rd3 44. Kg4 Rd4 45. Ra6 1/2-1/2

[Event "ESP-ch Rapid"]
[Site "Linares"]
[Date "2023.08.19"]
[Round "7"]
[White "Suarez Gomez, Julio"]
[Black "Prado Lobo, Jonas"]
[Result "1/2-1/2"]
[WhiteElo "2453"]
[BlackElo "2376"]
[PlyCount "158"]
[EventDate "2023.08.19"]
[EventType "swiss (rapid)"]
[EventRounds "10"]
[EventCountry "ESP"]
[SourceTitle "CBM 215 Extra"]
[Source "ChessBase"]
[SourceDate "2023.09.30"]
[SourceVersion "1"]
[SourceVersionDate "2023.09.30"]
[SourceQuality "1"]

1. e4 e6 2. d4 d5 3. Nd2 c5 4. Ngf3 cxd4 5. Nxd4 Nf6 6. exd5 Nxd5 7. Ne4 Be7 8. Bc4 0-0 9. 0-0 Nc6 10. Nxc6 bxc6 11. Re1 Qb6 12. Qe2 a5 13. a4 Ba6 14. c3 Rfb8 15. Bxa6 Qxa6 16. Qxa6 Rxa6 17. Nd2 Bf6 18. Re4 Bg5 19. Nc4 Bxc1 20. Rxc1 Nb6 21. Ne5 Nd5 22. Rc2 Rab6 23. Nc4 Ra6 24. g3 Kf8 25. Ne5 Ke7 26. Rc4 Rc8 27. Re2 c5 28. Rh4 h6 29. Rg4 g6 30. Rd2 Rd6 31. Nc4 Ra6 32. Re4 Rd8 33. Re1 Nb6 34. Rxd8 Kxd8 35. Rd1+ Kc7 36. Ne5 Nxa4 37. Rd7+ Kc8 38. Rd2 f6 39. Nc4 Kc7 40. Kf1 Nb6 41. Nd6 Ra8 42. Ke2 Kc6 43. Nf7 Nc4 44. Rd8 Rxd8 45. Nxd8+ Kd5 46. b3 Nb6 47. c4+ Nxc4 48. bxc4+ Kxc4 49. Kd2 Kb3 50. Nxe6 c4 51. Nc5+ Kb2 52. Na4+ Kb3 53. Nc5+ Kb2 54. Na4+ Kb3 55. Nc5+ Kb2 56. Na4+ Kb3 57. Nc3 a4 58. Nb5 Kb4 59. Nd4 a3 60. Kc2 c3 61. Nc6+ Kc4 62. Na5+ Kd4 63. Nc6+ Kc4 64. Na5+ Kd4 65. Nb3+ Ke4 66. Kxc3 Kf3 67. Nd2+ Kxf2 68. Ne4+ Kg2 69. Nxf6 Kxh2 70. Ng4+ Kxg3 71. Nxh6 g5 72. Kb3 Kh4 73. Kxa3 Kh5 74. Nf5 g4 75. Kb3 Kg5 76. Ng3 Kf4 77. Nh5+ Kf3 78. Kc3 g3 79. Nxg3 Kxg3 1/2-1/2

[Event "ESP-chT CECLUB Div1"]
[Site "Sanxenxo"]
[Date "2022.09.20"]
[Round "4.2"]
[White "Narayanan, Sunilduth Lyna"]
[Black "Suarez Gomez, Julio"]
[Result "1/2-1/2"]
[WhiteElo "2657"]
[BlackElo "2440"]
[PlyCount "149"]
[EventDate "2022.09.17"]
[EventType "team-tourn"]
[EventRounds "7"]
[EventCountry "ESP"]
[SourceTitle "CBM 210 Extra"]
[Source "ChessBase"]
[SourceDate "2022.11.30"]
[SourceVersion "1"]
[SourceVersionDate "2022.11.30"]
[SourceQuality "1"]
[WhiteTeam "Myinvestor Casablanca"]
[BlackTeam "Sanxenxo Fontecarmoa"]
[WhiteTeamCountry "ESP"]
[BlackTeamCountry "ESP"]

1. d4 Nf6 2. c4 e6 3. Nf3 a6 4. Nc3 d5 5. cxd5 exd5 6. Bg5 Be6 7. e3 Nbd7 8. Bf4 h6 9. h3 Be7 10. Bd3 c5 11. dxc5 Nxc5 12. 0-0 0-0 13. Nd4 Bd6 14. Bc2 Re8 15. Nce2 Rc8 16. Rc1 Qb6 17. Bxd6 Qxd6 18. Nf4 Qb6 19. Bf5 Bd7 20. Bxd7 Ncxd7 21. Rxc8 Rxc8 22. Nf5 Qc5 23. Qf3 Kh7 24. Rd1 g6 25. Nd3 Qf8 26. Nd4 Qd6 27. Nf4 Ne5 28. Qe2 Nc6 29. Qc2 Rc7 30. Nde6 Re7 31. Nd4 Rc7 32. Rc1 Ne8 33. Qd1 Nf6 34. Nf3 Rd7 35. Ne2 Ne4 36. Ned4 Rc7 37. Ne2 Rd7 38. a3 Qf6 39. Ned4 Nxd4 40. Qxd4 Qxd4 41. Nxd4 Kg7 42. Kf1 Kf6 43. Ke2 Ke7 44. f3 Nd6 45. b3 h5 46. Kd3 Ne8 47. Rc8 Rc7 48. Rb8 Nd6 49. Ne2 Rc8 50. Rxc8 Nxc8 51. h4 Kd6 52. g4 Ne7 53. Nf4 Ke5 54. a4 b6 55. Ne2 Nc6 56. Ng3 Ne7 57. f4+ Ke6 58. gxh5 gxh5 59. Nxh5 Nf5 60. e4 dxe4+ 61. Kxe4 Nxh4 62. Ng7+ Kf6 63. Ne8+ Ke7 64. Nc7 Kd6 65. Nxa6 f5+ 66. Ke3 Ng2+ 67. Kf3 Ne1+ 68. Kf2 Nc2 69. b4 Kd5 70. b5 Kc4 71. Ke2 Nd4+ 72. Ke3 Ne6 73. Nb8 Kb4 74. Nd7 Kxa4 75. Nxb6+ 1/2-1/2

[Event "ESP-chT CECLUB Div1"]
[Site "Sanxenxo"]
[Date "2022.09.19"]
[Round "3.3"]
[White "Suarez Gomez, Julio"]
[Black "Martin Duque, Jesus"]
[Result "1-0"]
[WhiteElo "2440"]
[BlackElo "2378"]
[PlyCount "51"]
[EventDate "2022.09.17"]
[EventType "team-tourn"]
[EventRounds "7"]
[EventCountry "ESP"]
[SourceTitle "CBM 210 Extra"]
[Source "ChessBase"]
[SourceDate "2022.11.30"]
[SourceVersion "1"]
[SourceVersionDate "2022.11.30"]
[SourceQuality "1"]
[WhiteTeam "Sanxenxo Fontecarmoa"]
[BlackTeam "Collado Villalba"]
[WhiteTeamCountry "ESP"]
[BlackTeamCountry "ESP"]

1. e4 c5 2. Nf3 e6 3. d4 cxd4 4. Nxd4 Nc6 5. Nc3 Qc7 6. Be3 a6 7. a3 b5 8. Nxc6 Qxc6 9. Be2 Bb7 10. 0-0 Rc8 11. Qd2 b4 12. axb4 Bxb4 13. Qd4 Bxc3 14. bxc3 Nf6 15. Bd3 Qxc3 16. Qxc3 Rxc3 17. Rfb1 Bc8 18. Rb8 0-0 19. Bd2 Rc6 20. e5 Nd5 21. c4 Nb6 22. Bb4 d6 23. Bxd6 Nd7 24. Ra8 Re8 25. c5 f5 26. Be2 1-0

[Event "ESP-chT CECLUB Div1"]
[Site "Sanxenxo"]
[Date "2022.09.18"]
[Round "2.3"]
[White "Krysa, Leandro Sergio"]
[Black "Suarez Gomez, Julio"]
[Result "1/2-1/2"]
[WhiteElo "2535"]
[BlackElo "2440"]
[PlyCount "110"]
[EventDate "2022.09.17"]
[EventType "team-tourn"]
[EventRounds "7"]
[EventCountry "ESP"]
[SourceTitle "CBM 210 Extra"]
[Source "ChessBase"]
[SourceDate "2022.11.30"]
[SourceVersion "1"]
[SourceVersionDate "2022.11.30"]
[SourceQuality "1"]
[WhiteTeam "Oromana CEN Solutions"]
[BlackTeam "Sanxenxo Fontecarmoa"]
[WhiteTeamCountry "ESP"]
[BlackTeamCountry "ESP"]

1. d4 Nf6 2. c4 e6 3. Nf3 Bb4+ 4. Bd2 Qe7 5. g3 Bxd2+ 6. Qxd2 Nc6 7. e3 e5 8. dxe5 Nxe5 9. Nxe5 Qxe5 10. Nc3 d6 11. Bg2 0-0 12. 0-0 c6 13. Rad1 Rd8 14. h3 h5 15. Qd4 Be6 16. b3 Qxd4 17. Rxd4 Kf8 18. f4 Ke7 19. Rfd1 a5 20. Kh2 g6 21. Bf3 Rac8 22. e4 Rb8 23. Be2 Ra8 24. Kg2 Rac8 25. Bf3 Rb8 26. R4d2 Ra8 27. Re1 Kf8 28. Rc1 Ke7 29. a3 Ra6 30. Ne2 Bg4 31. Nd4 Bxf3+ 32. Kxf3 Nd7 33. Rc3 Raa8 34. Re3 Nc5 35. Rd1 Nd7 36. Rh1 Rh8 37. Rd3 Nc5 38. Rdd1 Ne6 39. Rd2 Nxd4+ 40. Rxd4 b6 41. Rhd1 Rhd8 42. R4d3 Rd7 43. g4 hxg4+ 44. hxg4 Rh8 45. Kg3 Rdd8 46. g5 Ke6 47. b4 Ke7 48. f5 Rh5 49. Kg4 Rh2 50. f6+ Ke6 51. b5 Rdh8 52. Rxd6+ Ke5 53. bxc6 R8h4+ 54. Kg3 R4h3+ 55. Kg4 Rh4+ 1/2-1/2

[Event "Maia op 6th"]
[Site "Maia"]
[Date "2022.09.01"]
[Round "9"]
[White "Valderrama Quiceno, Esteban Alberto"]
[Black "Suarez Gomez, Julio"]
[Result "1-0"]
[WhiteElo "2440"]
[BlackElo "2453"]
[PlyCount "81"]
[EventDate "2022.08.26"]
[EventType "swiss"]
[EventRounds "9"]
[EventCountry "POR"]
[SourceTitle "CBM 210 Extra"]
[Source "ChessBase"]
[SourceDate "2022.11.30"]
[SourceVersion "1"]
[SourceVersionDate "2022.11.30"]
[SourceQuality "1"]

1. Nf3 d5 2. g3 Bg4 3. Bg2 c6 4. 0-0 Nd7 5. d3 Ngf6 6. Qe1 e5 7. e4 dxe4 8. dxe4 Qc7 9. h3 Be6 10. Nbd2 h6 11. Qe2 a5 12. a4 Bc5 13. b3 g5 14. Nc4 0-0-0 15. Bd2 g4 16. hxg4 Rdg8 17. Be3 Bxc4 18. bxc4 Bxe3 19. Qxe3 Nxg4 20. Qc3 Qb6 21. Rab1 Qc5 22. Nh4 Kc7 23. Rb3 h5 24. Bh3 b6 25. Kg2 Rg5 26. Qd2 Rhg8 27. Rd3 Ndf6 28. Rd1 Kb7 29. Bxg4 Rxg4 30. Rf3 Rxh4 31. Rxf6 Qxc4 32. Qd7+ Ka6 33. Re1 Rxe4 34. Rxf7 Qxa4 35. Qb7+ Kb5 36. c4+ Qxc4 37. Rb1+ Ka4 38. Qxb6 Rxg3+ 39. fxg3 Re2+ 40. Rf2 Rxf2+ 41. Kxf2 1-0

[Event "Maia op 6th"]
[Site "Maia"]
[Date "2022.08.28"]
[Round "4"]
[White "Suarez Gomez, Julio"]
[Black "Cabezas Ayala, Ivan"]
[Result "1-0"]
[WhiteElo "2453"]
[BlackElo "2299"]
[PlyCount "94"]
[EventDate "2022.08.26"]
[EventType "swiss"]
[EventRounds "9"]
[EventCountry "POR"]
[SourceTitle "CBM 210 Extra"]
[Source "ChessBase"]
[SourceDate "2022.11.30"]
[SourceVersion "1"]
[SourceVersionDate "2022.11.30"]
[SourceQuality "1"]

1. Nf3 Nf6 2. b3 g6 3. Bb2 Bg7 4. g3 0-0 5. Bg2 d6 6. d4 e5 7. dxe5 Nfd7 8. Nc3 dxe5 9. Qd2 c6 10. h4 Nb6 11. 0-0-0 Qxd2+ 12. Nxd2 Bg4 13. Nde4 Na6 14. Ba3 Rfd8 15. Rxd8+ Rxd8 16. Be7 Re8 17. Nf6+ Bxf6 18. Bxf6 Nd7 19. Bg5 f6 20. Be3 Nb6 21. Rd1 Kg7 22. a4 Nc8 23. f3 Be6 24. g4 Nc7 25. g5 f5 26. f4 e4 27. Bd4+ Kf8 28. Be5 Nd5 29. Nxd5 cxd5 30. e3 Ne7 31. Bf1 Nc6 32. Bf6 Rc8 33. Kb2 Ne7 34. Be2 Ng8 35. Bd4 a6 36. h5 Rc7 37. Be5 Rd7 38. Rh1 Bf7 39. hxg6 hxg6 40. Rh8 Rd8 41. Ka3 Rc8 42. c3 Rc6 43. Bd4 Be6 44. Kb4 Bf7 45. Ka5 Be6 46. b4 Rc7 47. Kb6 Rf7 1-0

[Event "ESP-chT CECLUB Div1"]
[Site "Linares"]
[Date "2021.09.13"]
[Round "6.3"]
[White "Suarez Gomez, Julio"]
[Black "Plazuelo Pascual, Juan"]
[Result "1/2-1/2"]
[WhiteElo "2447"]
[BlackElo "2463"]
[PlyCount "60"]
[EventDate "2021.09.08"]
[EventType "team-tourn"]
[EventRounds "7"]
[EventCountry "ESP"]
[SourceTitle "CBM 204 Extra"]
[Source "ChessBase"]
[SourceDate "2021.11.30"]
[SourceVersion "1"]
[SourceVersionDate "2021.11.30"]
[SourceQuality "1"]
[WhiteTeam "Sanxenxo Fontecarmoa"]
[BlackTeam "Virgen de Atocha"]
[WhiteTeamCountry "ESP"]
[BlackTeamCountry "ESP"]

1. d4 d5 2. Nf3 e6 3. c4 a6 4. g3 dxc4 5. Bg2 Nc6 6. 0-0 Rb8 7. e3 b5 8. b3 cxb3 9. axb3 Bb7 10. Qe2 Nf6 11. Bb2 Be7 12. Rc1 Nb4 13. Nbd2 0-0 14. Ba3 Nd7 15. Ne1 Bxg2 16. Kxg2 e5 17. Ndf3 exd4 18. Bxb4 Bxb4 19. Nxd4 Rb6 20. Nd3 c5 21. Nxb4 cxb4 22. Nc6 Qf6 23. Nxb4 Qd6 24. Qe1 Nf6 25. Qc3 Nd5 26. Nxd5 Qxd5+ 27. Kg1 g6 28. Qc5 Qxc5 29. Rxc5 Rd8 30. Rc2 Rd3 1/2-1/2

[Event "ESP-chT CECLUB Div1"]
[Site "Linares"]
[Date "2021.09.11"]
[Round "4.4"]
[White "Suarez Gomez, Julio"]
[Black "Asis Gargatagli, Hipolito"]
[Result "1/2-1/2"]
[WhiteElo "2447"]
[BlackElo "2475"]
[PlyCount "60"]
[EventDate "2021.09.08"]
[EventType "team-tourn"]
[EventRounds "7"]
[EventCountry "ESP"]
[SourceTitle "CBM 204 Extra"]
[Source "ChessBase"]
[SourceDate "2021.11.30"]
[SourceVersion "1"]
[SourceVersionDate "2021.11.30"]
[SourceQuality "1"]
[WhiteTeam "Sanxenxo Fontecarmoa"]
[BlackTeam "Barcelona CE"]
[WhiteTeamCountry "ESP"]
[BlackTeamCountry "ESP"]

1. d4 Nf6 2. Nf3 g6 3. Nbd2 d5 4. b4 Bg7 5. Bb2 0-0 6. e3 a5 7. b5 a4 8. Ba3 Nbd7 9. Be2 Re8 10. 0-0 e5 11. Nxe5 Nxe5 12. dxe5 Rxe5 13. Rc1 Re8 14. Bb2 c5 15. bxc6 bxc6 16. c4 Be6 17. Bd4 Qe7 18. cxd5 Bxd5 19. Bc4 Qe6 20. Qc2 Ne4 21. Bxd5 cxd5 22. Bxg7 Kxg7 23. h3 Rec8 24. Qd3 Rab8 25. Rxc8 Rxc8 26. Nxe4 Qxe4 27. Rd1 Rc1 28. Qd2 Rc2 29. Qxd5 Qxd5 30. Rxd5 Rxa2 1/2-1/2

[Event "Titled Tuesday intern op 08th June"]
[Site "Chess.com INT"]
[Date "2021.06.08"]
[Round "2"]
[White "Korkmaz, Necmettin"]
[Black "Suarez Gomez, Julio"]
[Result "0-1"]
[WhiteElo "2101"]
[BlackElo "2449"]
[PlyCount "98"]
[EventDate "2021.06.08"]
[EventType "swiss (blitz)"]
[EventRounds "11"]
[EventCountry "USA"]
[SourceTitle "CBM 202 Extra"]
[Source "ChessBase"]
[SourceDate "2021.07.31"]
[SourceVersion "1"]
[SourceVersionDate "2021.07.31"]
[SourceQuality "1"]

1. e4 e6 2. d4 d5 3. e5 c5 4. c3 Nc6 5. Nf3 Bd7 6. Bd3 cxd4 7. cxd4 Qb6 8. 0-0 Nxd4 9. Nxd4 Qxd4 10. Nc3 a6 11. Qe2 Ne7 12. Kh1 Nc6 13. f4 Bc5 14. a3 Ba7 15. Bd2 g6 16. Rf3 Qc5 17. Be3 Qe7 18. Bxa7 Rxa7 19. Qf2 Ra8 20. b4 Rc8 21. Ne2 0-0 22. Qb6 Rb8 23. Rc1 Rfc8 24. g4 f6 25. exf6 Qxf6 26. Qe3 Rf8 27. g5 Qb2 28. Bb1 Ne7 29. Nd4 Rbc8 30. Rg1 Rc4 31. Nxe6 Re8 32. Rf2 d4 33. Qe5 Bc6+ 34. Be4 Bxe4+ 35. Qxe4 Qxf2 36. Nc5 Qe3 37. Qxb7 Rxc5 38. bxc5 Nf5 39. Qd5+ Kh8 40. c6 Qxf4 41. c7 Qxc7 42. Rf1 Ne3 43. Qxd4+ Qg7 44. Qxg7+ Kxg7 45. Re1 Kf7 46. Re2 Nf5 47. Rf2 Re3 48. h4 Rxa3 49. Kg2 Rg3+ 0-1

[Event "Titled Tuesday intern op 08th June"]
[Site "Chess.com INT"]
[Date "2021.06.08"]
[Round "5"]
[White "Quparadze, Giga"]
[Black "Suarez Gomez, Julio"]
[Result "1-0"]
[WhiteElo "2476"]
[BlackElo "2449"]
[PlyCount "79"]
[EventDate "2021.06.08"]
[EventType "swiss (blitz)"]
[EventRounds "11"]
[EventCountry "USA"]
[SourceTitle "CBM 202 Extra"]
[Source "ChessBase"]
[SourceDate "2021.07.31"]
[SourceVersion "1"]
[SourceVersionDate "2021.07.31"]
[SourceQuality "1"]

1. e4 e6 2. d4 d5 3. Nd2 c5 4. Ngf3 cxd4 5. Nxd4 Nc6 6. Bb5 Bd7 7. Nxc6 bxc6 8. Bd3 Bd6 9. Qe2 Qc7 10. Nf3 Ne7 11. e5 Bc5 12. 0-0 Ng6 13. h4 h6 14. h5 Ne7 15. Be3 Bxe3 16. Qxe3 0-0 17. c4 Qb6 18. Qe2 Rab8 19. b3 dxc4 20. Bxc4 c5 21. Nd2 Bc6 22. Ne4 Bxe4 23. Qxe4 Rfd8 24. Rfd1 Qb4 25. g3 Nf5 26. Kg2 a5 27. a3 Qc3 28. Rac1 Qb2 29. a4 Rd4 30. Rxd4 Nxd4 31. Bd3 Qxc1 32. Qh7+ Kf8 33. Qh8+ Ke7 34. Qxb8 Qc3 35. Be4 Qxb3 36. Qc7+ Ke8 37. Qc8+ Ke7 38. Qxc5+ Ke8 39. Qxd4 Qb6 40. Qxb6 1-0

[Event "Titled Tuesday intern op 08th June"]
[Site "Chess.com INT"]
[Date "2021.06.08"]
[Round "7"]
[White "Suarez Gomez, Julio"]
[Black "Rostovtsev, Dmitry"]
[Result "0-1"]
[WhiteElo "2449"]
[BlackElo "2163"]
[PlyCount "126"]
[EventDate "2021.06.08"]
[EventType "swiss (blitz)"]
[EventRounds "11"]
[EventCountry "USA"]
[SourceTitle "CBM 202 Extra"]
[Source "ChessBase"]
[SourceDate "2021.07.31"]
[SourceVersion "1"]
[SourceVersionDate "2021.07.31"]
[SourceQuality "1"]

1. e4 c5 2. Nf3 d6 3. Bb5+ Nd7 4. d4 cxd4 5. Qxd4 a6 6. Be2 Ngf6 7. 0-0 g6 8. Nc3 Bg7 9. Rd1 0-0 10. e5 Nxe5 11. Nxe5 Nd7 12. Nxf7 Bxd4 13. Nxd8 Bxf2+ 14. Kh1 Rxd8 15. Nd5 Bh4 16. Bc4 Kh8 17. Bf4 b5 18. Bb3 Nc5 19. g3 Nxb3 20. axb3 Bf6 21. Nxf6 exf6 22. Rxd6 Rxd6 23. Bxd6 Bb7+ 24. Kg1 Rd8 25. Rd1 Be4 26. c4 Kg8 27. Rd4 Bc6 28. Kf2 Kf7 29. g4 Re8 30. h3 Re4 31. Rxe4 Bxe4 32. Ke3 Ke6 33. Kxe4 Kxd6 34. Kd4 b4 35. h4 a5 36. Ke4 Kc5 37. g5 f5+ 38. Ke5 a4 39. bxa4 Kxc4 40. b3+ Kxb3 41. a5 Kc2 42. a6 b3 43. a7 b2 44. a8Q b1Q 45. Qc8+ Kd2 46. Qd7+ Qd3 47. Qxh7 Qe4+ 48. Kf6 f4 49. Qxg6 Qxg6+ 50. Kxg6 f3 51. h5 f2 52. h6 f1Q 53. Kg7 Qa1+ 54. Kh7 Qa7+ 55. Kg8 Qb8+ 56. Kg7 Qc7+ 57. Kg6 Qd6+ 58. Kg7 Qe7+ 59. Kh8 Qf8+ 60. Kh7 Qf7+ 61. Kh8 Qh5 62. h7 Qf7 63. g6 Qf8# 0-1

[Event "Titled Tuesday intern op 08th June"]
[Site "Chess.com INT"]
[Date "2021.06.08"]
[Round "11"]
[White "Suarez Gomez, Julio"]
[Black "Sokolin, Leonid M"]
[Result "1/2-1/2"]
[WhiteElo "2449"]
[BlackElo "2497"]
[PlyCount "122"]
[EventDate "2021.06.08"]
[EventType "swiss (blitz)"]
[EventRounds "11"]
[EventCountry "USA"]
[SourceTitle "CBM 202 Extra"]
[Source "ChessBase"]
[SourceDate "2021.07.31"]
[SourceVersion "1"]
[SourceVersionDate "2021.07.31"]
[SourceQuality "1"]

1. e4 e5 2. Nf3 Nc6 3. d4 exd4 4. Bc4 Nf6 5. e5 d5 6. Bb5 Ne4 7. Nxd4 Bd7 8. Bxc6 bxc6 9. 0-0 Bc5 10. f3 Ng5 11. f4 Ne4 12. Be3 0-0 13. Nd2 Nxd2 14. Qxd2 Bb6 15. Nb3 f6 16. Bc5 Re8 17. Qd4 Bf5 18. Rf2 Re6 19. a4 a5 20. Re1 Be4 21. exf6 Rxf6 22. Qc3 Qd7 23. Nd4 Re8 24. h3 h5 25. b4 axb4 26. Qxb4 Rg6 27. f5 Bxc5 28. Qxc5 Rf6 29. a5 Ra8 30. Ra1 Ra6 31. c3 Qd6 32. Qa3 c5 33. Nb3 Rc6 34. a6 Rxa6 35. Qxa6 Qxa6 36. Rxa6 Rxa6 37. Nxc5 Rc6 38. Nxe4 dxe4 39. Re2 Rc4 40. Kf2 Kf7 41. Ke3 h4 42. Kf4 Kf6 43. Re3 c6 44. Rxe4 Rxc3 45. Re6+ Kf7 46. Rg6 c5 47. Rc6 Rg3 48. Ke5 Rxg2 49. Rc7+ Kg8 50. Rxc5 Rg3 51. Kf4 Rxh3 52. Kg4 Rg3+ 53. Kxh4 Rg1 54. Rc7 Kf8 55. Kh5 Kg8 56. Rd7 Kf8 57. Rd4 Kf7 58. Rg4 Rxg4 59. Kxg4 Kf6 60. Kf4 g6 61. fxg6 Kxg6 1/2-1/2